| 000 | 00701nam a22002297a 4500 | ||
|---|---|---|---|
| 999 |
_c1321 _d1321 |
||
| 001 | 1321 | ||
| 003 | BD-JhCC | ||
| 005 | 20171017211140.0 | ||
| 008 | 171017s2000 bg ao||| |||| 000 0 b d | ||
| 020 | _a98481601072 | ||
| 035 | _a(BD-JhCC)1321 | ||
| 040 |
_aBD-JhCC _dBD-JhCC |
||
| 041 | _aben | ||
| 082 |
_a917.3 _bKAD 2000 |
||
| 100 | _aকাদের, ওবায়দুল | ||
| 245 |
_aতিন সমুদ্রের দেশে / _cওবায়দুল কাদের |
||
| 260 |
_aঢাকা: _bঅন্যপ্রকাশ, _c২০০০. |
||
| 300 |
_a৫৫ পৃ. : _c২২ সেমি. |
||
| 650 | _aTravel | ||
| 942 |
_2ddc _cBK |
||